| 000 | 00371nam a2200157Ia 4500 | ||
|---|---|---|---|
| 003 | LK-CoDNM | ||
| 008 | t1879 xxu||||| |||| 00| 0 d | ||
| 040 |
_aLK-CoDNM _dLK-CoDNM _eLK-CoDNM |
||
| 080 | _aM . 3 | ||
| 041 |
_a _aPali |
||
| 245 | _aAnapatti Dipaniya | ||
| 260 | _c1879 | ||
| 300 | _aPalm leaf Foll l3 ,18 3/4 in. x 2 in. | ||
| 650 | _adiscipline | ||
| 942 | _cPL | ||
| 999 |
_c79106 _d79106 |
||